000
00268nam a2200121Ia 4500
008
190216s9999||||xx |||||||||||||| ||und||
100
_a
Ramsey. As
245
0
_a
Statistics
260
_b
Cambridge Uty Press
_c
1965
300
_a
296p
650
_a
Physics
942
_c
BK
999
_c
37161
_d
37161